áo vải cờ đào Truyện thơ lịch sử
Saved in:
| Format: | Book |
|---|---|
| Language: | Undetermined |
| Published: |
Nghĩa Bình
Sở VHTT Nghĩa Bình
1983
|
| Subjects: | |
| Tags: |
Add Tag
No Tags, Be the first to tag this record!
|
| Institutions: | Trung tâm Học liệu Trường Đại học Cần Thơ |
|---|
| LEADER | 00459nam a2200157Ia 4500 | ||
|---|---|---|---|
| 001 | CTU_8983 | ||
| 008 | 210402s9999 xx 000 0 und d | ||
| 082 | |a 895.9221 | ||
| 082 | |b A108 | ||
| 245 | 0 | |a áo vải cờ đào | |
| 245 | 0 | |b Truyện thơ lịch sử | |
| 260 | |a Nghĩa Bình | ||
| 260 | |b Sở VHTT Nghĩa Bình | ||
| 260 | |c 1983 | ||
| 650 | |a historical fiction, vietnamese | ||
| 980 | |a Trung tâm Học liệu Trường Đại học Cần Thơ | ||